Normal view MARC view
  • Islam

Entry Topical Term

Number of records used in: 1

001 - CONTROL NUMBER

  • control field: 2134

003 - CONTROL NUMBER IDENTIFIER

  • control field: OSt

005 - DATE AND TIME OF LATEST TRANSACTION

  • control field: 20170508105505.0

008 - FIXED-LENGTH DATA ELEMENTS

  • fixed length control field: 170508|| aca||aabn | a|a d

040 ## - CATALOGING SOURCE

  • Original cataloging agency: OSt
  • Transcribing agency: OSt

150 ## - HEADING--TOPICAL TERM

  • Topical term or geographic name entry element: Islam
  • General subdivision: Public opinion

670 ## - SOURCE DATA FOUND

  • Source citation: Work cat.: (OSt)0: Said, Edward W., 1935- 2133, Liputan berita tentang Islam /, 1995
Pusat Sumber Maklumat Dato' Haji Sarmin Md Hussin, Akademi Kastam Diraja Malaysia, Melaka
Tel: 06-2331106 | Faks: 06-2313787